00465nam a2200169Ia 4500003000400000008004100004040001600045082001600061100001900077245006600096260004200162300000900204650001600213650001900229650003200248650001500280GCL140319s9999 xx 000 0 eng d aGCL / cGCL04a709.38bB D1 aBOARDMAN, JOHN10aTHE DIFFUSION OF CLSSICAL ART IN ANTIQUITY / cBOARDMAN, JOHN a[S.N] : bTHAMES AND HUDSON ، c1994 a351P04aANTIQUITIES04aART, CLASSICAL04aNEAR EAST AND PRSIAN EMPIRE04aART, GREEK